Recruitment of managerial personnel in public undertakings : A case study of Hindustan Steel Limited (Record no. 18962)
[ view plain ]
| 000 -LEADER | |
|---|---|
| fixed length control field | 00745nam a2200205Ia 4500 |
| 082 ## - DEWEY DECIMAL CLASSIFICATION NUMBER | |
| Classification number | TI.0031 |
| 100 ## - MAIN ENTRY--AUTHOR NAME | |
| Personal name | Indwar, Ramesh Prasad |
| 245 #0 - TITLE STATEMENT | |
| Title | Recruitment of managerial personnel in public undertakings : A case study of Hindustan Steel Limited |
| 260 ## - PUBLICATION, DISTRIBUTION, ETC. (IMPRINT) | |
| Year of publication | 1978 |
| Name of publisher | Ranchi University |
| 300 ## - PHYSICAL DESCRIPTION | |
| Number of Pages | 509p. |
| 650 ## - SUBJECT ADDED ENTRY--TOPICAL TERM | |
| Topical Term | INDUSTRIAL RELATIONS///PERSONNEL DIRECTORS |
| 650 ## - SUBJECT ADDED ENTRY--TOPICAL TERM | |
| Topical Term | PERSONNEL MANAGERS//PERSONNEL DIRECTORS |
| 650 ## - SUBJECT ADDED ENTRY--TOPICAL TERM | |
| Topical Term | EXECUTIVES - RECRUITING |
| 650 ## - SUBJECT ADDED ENTRY--TOPICAL TERM | |
| Topical Term | HINDUSTAN STEEL LIMITED - EMPLOYEES - RECRUITING |
| 650 ## - SUBJECT ADDED ENTRY--TOPICAL TERM | |
| Topical Term | STEEL INDUSTRY AND TRADE///HINDUSTAN STEEL LIMITED |
| 650 ## - SUBJECT ADDED ENTRY--TOPICAL TERM | |
| Topical Term | PERSONNEL DIRECTORS - RECRUITING |
| 650 ## - SUBJECT ADDED ENTRY--TOPICAL TERM | |
| Topical Term | PERSONNEL MANAGEMENT///PERSONNEL DIRECTORS |
| 710 ## - ADDED ENTRY--CORPORATE NAME | |
| Corporate name or jurisdiction name as entry element | Trivedi, R.N. |
| 942 ## - ADDED ENTRY ELEMENTS (KOHA) | |
| Koha item type | Thesis |
| Source of classification or shelving scheme | Dewey Decimal Classification |
| Withdrawn status | Lost status | Damaged status | Not for loan | Home library | Current library | Date acquired | Full call number | Accession Number | Price effective from | Koha item type |
|---|---|---|---|---|---|---|---|---|---|---|
| NASSDOC Library | NASSDOC Library | 08/10/2004 | TI.0031 | 12325 | 18/04/2019 | Thesis |
